Los Pueblos indígenas y negros nuevos sujetos históricos: su aporte a la búsqueda de una alternativa de civilización /
Guardat en:
| Autor principal: | |
|---|---|
| Format: | Text |
| Matèries: | |
| Etiquetes: |
Afegir etiqueta
Sense etiquetes, Sigues el primer a etiquetar aquest registre!
|
MARC
| LEADER | 00000 a a2200000 04500 | ||
|---|---|---|---|
| 001 | 2617 | ||
| 003 | |||
| 040 | |||
| 100 | |a Girardi, Giulio | ||
| 245 | |a Los Pueblos indígenas y negros nuevos sujetos históricos: |b su aporte a la búsqueda de una alternativa de civilización / |c Giulio Girardi | ||
| 650 | |a POBLACION INDIGENA | ||
| 650 | |a NEGROS | ||
| 650 | |a DERECHOS HUMANOS | ||
| 650 | |a METODOLOGIA | ||
| 650 | |a TEORIA | ||
| 773 | |g número 243; páginas 9-24 | ||
| 999 | |c 23468 |d 23468 | ||
